Widok standardowy
Widok MARC
Pozycja Corporate Name
Liczba rekordów, w których użyto hasła: 1
001 - Numer kontrolny
- control field: 40993
003 - Identyfikator numeru kontrolnego
- control field: NUKAT
005 - Data i czas ostatniej modyfikacji
- control field: 20260430111048.0
008 - Dane kontrolne kodowane (40 znaków)
- fixed length control field: 190312n||a|znnaabn |a ana |c
010 ## - Numer kontrolny Biblioteki Kongresu
- numer kontrolny LC: n 2019043076
040 ## - Instytucja sporządzająca rekord
- inst. przygot. dane do rek. khw: WA M/MKI
- język haseł przedmiotowych/tezaurus: kaba
- inst. wprow. rek. khw: WA M/MKI
- inst. modyf. rek. khw: WA U/KSZ
110 1# - Hasło - nazwa ciała zbiorowego
- nazwa ciała zbior. lub geogr. na pocz.: Polska.
- nazwa jednostki podrzędnej: Wojsko Polskie (1918-1939).
- nazwa jednostki podrzędnej: Okręg Korpusu nr VIII (Toruń).
- nazwa jednostki podrzędnej: Dowództwo.
410 2# - Trop zob. - nazwa ciała zbiorowego
- nazwa ciała zbior. lub geogr. na pocz.: Wojsko Polskie (1918-1939).
- nazwa jednostki podrzędnej: Okręg Korpusu nr VIII (Toruń).
- nazwa jednostki podrzędnej: Dowództwo.
410 2# - Trop zob. - nazwa ciała zbiorowego
- nazwa ciała zbior. lub geogr. na pocz.: Wojsko Polskie (1918-1939).
- nazwa jednostki podrzędnej: Okręg Korpusu nr VIII w Toruniu.
- nazwa jednostki podrzędnej: Dowództwo.
410 2# - Trop zob. - nazwa ciała zbiorowego
- nazwa ciała zbior. lub geogr. na pocz.: Dowództwo Okręgu Korpusu nr VIII w Toruniu.
410 2# - Trop zob. - nazwa ciała zbiorowego
- nazwa ciała zbior. lub geogr. na pocz.: DOK VIII.
510 1# - Trop zob. też - nazwa ciała zbiorowego
- podpole kontrolne: a
- nazwa ciała zbior. lub geogr. na pocz.: Polska.
- nazwa jednostki podrzędnej: Wojsko Polskie (1918-1939).
- nazwa jednostki podrzędnej: Okręg Generalny "Pomorze".
- nazwa jednostki podrzędnej: Dowództwo.
665 ## - Nota historyczna
- nota historyczna: Terytorialny organ Ministerstwa Spraw Wojskowych okresu II RP, utworzony w 1919 pod nazwą Dowództwo Okręgu Generalnego "Pomorze". Początkowo dowództwo miało swoją siedzibę we Włocławku, a następnie w Inowrocławiu. W 1920 zostało przeniesione z Inowrocławia do Grudziądza.W 1921 DOGen. "Pomorze" przeformowane zostało w Dowództwo Okręgu Korpusu Nr VIII z siedzibą w Toruniu a rozformowane w 1939 r.
670 ## - Źródło informacji
- źródło informacji: Kp. Regulamin Bibljoteki Wojskowej Dowództwa Okręgu Korpusu Nr VIII / Bibljoteka Wojskowa Dowództwa Okręgu Korpusu Nr VIII. - Toruń, 1926.
670 ## - Źródło informacji
- źródło informacji: pl.wikipedia, 12.03.2019
- adres internetowy: https://pl.wikipedia.org/wiki/Dow%C3%B3dztwo_Okr%C4%99gu_Korpusu_Nr_VIII